000 01128nam a22002655i 4500
001 167267
003 ES-MaACL
005 20250818063107.0
008 010307q18701925sp af |||| | spa d
040 _aCAM
_bspa
_cCAM
080 _a821.133.1-31"18"
100 1 _aVerne, Jules,
_d1828-1905
_9188654
245 1 3 _aEl camino de Francia, seguido de Gil Braltar /
_cobra escrita en francés por Julio Verne.
250 _aEd. il. con grab.
260 _aMadrid :
_bSáenz de Jubera, Hermanos,
_c[s.a.] (
_fEstablecimiento tipográfico "Sucesores de Rivadeneyra")
300 _a2 v. :
_bil. ;
_c28 cm.
505 8 0 _aContiene: T. I. (62p., [1] h. de mapas) -- T.II. (62, [1] p.)
596 _aSáenz de Jubera Hermanos ejerce ca. 1870-1925.
596 1 1 _aSegún el Catalogo Colectivo del Patrimonio Bibliográfico Español del Siglo XIX, Sáenz de Jubera, hermanos ejercen entre 1892-1895.
597 _aTexto a dos col.
599 _aLas il. firmadas por Roux.
740 0 _aGil Braltar.
852 _aES-MaACL
_jB-12395(2-3)
_z-- Enc. ed. en tela roja con planchas polícromas
999 _c167267
_d167267